00290nam a2200121Ia 4500008004100000041000800041082001500049100001900064245000900083260003800092300003100130365000700161240624s9999 xx 000 0 und d aeng a302.35 NEL aNELSON DEBRA L aORGB c2011aNew DelhibCengage Learning axii, : 391 : p. : cm. ; 26 cRS